| 000 | 00778nam a22002537a 4500 | ||
|---|---|---|---|
| 001 | 00500 | ||
| 003 | DO-SdBNP | ||
| 005 | 20160608112259.0 | ||
| 007 | 00500 | ||
| 008 | 160608b mx 1998||||| |||| 00| 0 spa d | ||
| 020 | _a9789580447603 | ||
| 040 |
_aBPMSU _bspa _cBPMSU |
||
| 092 |
_axxxxxxxxx _bxxxxxxxx |
||
| 100 | 1 | _aStine, R. L. | |
| 245 | 1 |
_aEscalofríos : _bla leyenda de la leyenda perdida / _cR. L. Stine ; traducción Juan Fernando Esguerra ; edición María Candelaria Posada |
|
| 260 |
_aMéxico : _bNorma, _c1998. |
||
| 300 |
_a134 p. : _c19 cm. |
||
| 490 | 1 |
_aGoosebumps _v42 |
|
| 700 | 1 |
_aEsguerra, Juan Fernando, _etr. |
|
| 700 | 1 |
_aPosada, María Candelaria, _eed. |
|
| 830 | 0 |
_aGoosebumps _n42 |
|
| 942 |
_2ddc _cBK |
||
| 956 |
_aBTAVÄREZ _b10 _c080620160 _d00500 |
||
| 999 |
_c10311 _d10311 |
||